Mechanical behavior of engineering materials (Record no. 22120)

000 -LEADER
fixed length control field 00506nam a22001931 4500
001 - CONTROL NUMBER
control field 22120
003 - CONTROL NUMBER IDENTIFIER
control field BD-DhUET
008 - FIXED-LENGTH DATA ELEMENTS--GENERAL INFORMATION
fixed length control field 800331s1962 paua b s000 0 eng
040 ## - CATALOGING SOURCE
Original cataloging agency DLC
Transcribing agency TxCM
Modifying agency BD-DhUET
082 ## - DEWEY DECIMAL CLASSIFICATION NUMBER
Classification number 620.1
Item number MAR/1963
100 ## - MAIN ENTRY--PERSONAL NAME
Personal name Marin, Joseph
245 10 - TITLE STATEMENT
Title Mechanical behavior of engineering materials
250 ## - EDITION STATEMENT
Edition statement 1st ed.
260 ## - PUBLICATION, DISTRIBUTION, ETC. (IMPRINT)
Place of publication, distribution, etc. New Jersey
Name of publisher, distributor, etc. Prentice-Hall
Date of publication, distribution, etc. 1963
300 ## - PHYSICAL DESCRIPTION
Extent x, 502 p.
Other physical details ill.
504 ## - BIBLIOGRAPHY, ETC. NOTE
Bibliography, etc Includes bibliographies
650 #0 - SUBJECT ADDED ENTRY--TOPICAL TERM
Topical term or geographic name as entry element Applied mechanics
942 ## - ADDED ENTRY ELEMENTS (KOHA)
Koha item type General Book
Holdings
Koha issues (times borrowed) Piece designation (barcode) Lost status Koha item type Koha date last borrowed Koha out on loan Koha full call number Price effective from Not for loan Source of classification or shelving scheme Damaged status Date acquired Copy number Location (home branch) Withdrawn status Sublocation or collection (holding branch) Koha normalized classification for sorting Shelving location Koha date last seen
 21007 General Book  620.1/MAR/19632015-04-23   2015-04-231Central Library, BUET Central Library, BUET620_100000000000000_MAR_1963Circulation section2015-04-23
11571 General Book2022-07-032023-07-03620.1/MAR/19632015-04-23   2015-04-232Central Library, BUET Central Library, BUET620_100000000000000_MAR_1963Circulation section2022-07-03
 1570 General Book  620.1/MAR/19632015-04-25   2015-04-253Central Library, BUET Central Library, BUET620_100000000000000_MAR_1963Circulation section2015-04-25
 25732 General Book  620.1/MAR/19632015-04-30   2015-04-304Central Library, BUET Central Library, BUET620_100000000000000_MAR_1963Circulation section2015-04-30
 17659 General Book  620.1/MAR/19632015-08-23   2015-08-235Central Library, BUET Central Library, BUET620_100000000000000_MAR_1963Circulation section2015-08-23